[Event "Wch Seniors 12th"]
[Site "Naumburg"]
[Date "2002.11.02"]
[Round "11"]
[White "Zunker, Reinhard"]
[Black "Fotland, Hans Christian"]
[Result "1-0"]
[WhiteElo "2203"]
[BlackElo "1819"]
[PlyCount "120"]
[EventDate "2002.10.21"]
[EventType "swiss"]
[EventRounds "11"]
[EventCountry "GER"]
[SourceTitle "EXT 2006"]
[Source "ChessBase"]
[SourceDate "2005.11.24"]
[SourceVersion "1"]
[SourceVersionDate "2005.11.24"]
[SourceQuality "1"]

1. e4 c5 2. Nf3 Nc6 3. Bb5 g6 4. Bxc6 bxc6 5. 0-0 Bg7 6. Re1 Nf6 7. Nc3 0-0 8. d3 Rb8 9. Rb1 d6 10. h3 e5 11. Be3 h6 12. Ne2 Ne8 13. Nh2 Kh7 14. c3 Qe7 15. f4 Nc7 16. Qd2 exf4 17. Nxf4 Ne6 18. Nf3 Nxf4 19. Bxf4 Be6 20. b3 Rbd8 21. d4 cxd4 22. cxd4 Bc8 23. Rbc1 Qb7 24. Qc2 d5 25. exd5 cxd5 26. Be5 Be6 27. Qe2 Rc8 28. Bxg7 Kxg7 29. Qe5+ Kh7 30. Qf6 Rxc1 31. Rxc1 Rc8 32. Rxc8 Qxc8 33. Ne5 Kg8 34. h4 h5 35. Kh2 Qe8 36. Kg3 Qc8 37. Kh2 Qe8 38. Nd3 Qd7 39. Nc5 Qc7+ 40. Qe5 Qe7 41. Kg3 Kh7 42. b4 Qe8 43. a4 Qc6 44. b5 Qb6 45. Qf6 Qa5 46. Kh2 Qb6 47. Qe7 Kg8 48. Qe8+ Kg7 49. Qe7 Kg8 50. Qf6 Kh7 51. Qe5 Kg8 52. Qe1 Kg7 53. g3 Kh7 54. Qb4 Qd8 55. a5 Qf6 56. Qd2 Qf1 57. Nxe6 fxe6 58. Qb2 Qf8 59. b6 axb6 60. axb6 g5 1-0

[Event "Wch Seniors 12th"]
[Site "Naumburg"]
[Date "2002.11.01"]
[Round "10"]
[White "Fotland, Hans Christian"]
[Black "Potthammel, Joerg"]
[Result "1-0"]
[WhiteElo "1819"]
[BlackElo "2111"]
[PlyCount "61"]
[EventDate "2002.10.21"]
[EventType "swiss"]
[EventRounds "11"]
[EventCountry "GER"]
[SourceTitle "EXT 2006"]
[Source "ChessBase"]
[SourceDate "2005.11.24"]
[SourceVersion "1"]
[SourceVersionDate "2005.11.24"]
[SourceQuality "1"]

1. d4 Nf6 2. c4 e6 3. Nc3 Bb4 4. Qc2 c5 5. dxc5 Bxc5 6. Nf3 Nc6 7. Bg5 h6 8. Bh4 b6 9. a3 Bb7 10. Rd1 Be7 11. e4 0-0 12. Be2 Nh5 13. Bg3 Nxg3 14. hxg3 a6 15. Qd3 d6 16. Qe3 Bf6 17. Rh5 Qe7 18. g4 Ne5 19. Nd2 Nc6 20. f4 Nd4 21. Qh3 Nc2+ 22. Kf1 Bd4 23. Rc1 Ne3+ 24. Ke1 Qf6 25. g3 g6 26. Rxh6 Qg7 27. g5 f5 28. Nb3 Bxc3+ 29. Rxc3 Bxe4 30. Rxe3 Qxb2 31. Rxg6+ 1-0

[Event "Wch Seniors 12th"]
[Site "Naumburg"]
[Date "2002.10.24"]
[Round "4"]
[White "Dornieden, Manfred"]
[Black "Fotland, Hans Christian"]
[Result "1/2-1/2"]
[WhiteElo "2299"]
[BlackElo "1819"]
[PlyCount "156"]
[EventDate "2002.10.21"]
[EventType "swiss"]
[EventRounds "11"]
[EventCountry "GER"]
[SourceTitle "EXT 2006"]
[Source "ChessBase"]
[SourceDate "2005.11.24"]
[SourceVersion "1"]
[SourceVersionDate "2005.11.24"]
[SourceQuality "1"]

1. c4 Nf6 2. g3 e6 3. Bg2 d5 4. Nf3 Bd6 5. 0-0 0-0 6. d3 c6 7. Nc3 Nbd7 8. e4 dxe4 9. dxe4 Qc7 10. h3 Bb4 11. Qc2 Bxc3 12. bxc3 b6 13. Re1 e5 14. Nh4 Ba6 15. Ba3 c5 16. Qa4 Bb7 17. Nf5 Rfe8 18. Qc2 Rad8 19. Ne3 Re7 20. Bc1 Qc6 21. Nd5 Nxd5 22. cxd5 Qd6 23. c4 Nf6 24. a4 Ba6 25. Rb1 Rb8 26. Kh2 Ne8 27. Be3 Reb7 28. Rec1 Qc7 29. Qc3 f6 30. f3 Nd6 31. Bf1 Kf7 32. Qa3 Rc8 33. h4 g6 34. Qc3 Rcb8 35. Ra1 Ra8 36. Rc2 Rbb8 37. a5 Bc8 38. axb6 Rxb6 39. Rca2 a6 40. Qa5 Nb7 41. Qd2 Bd7 42. Qf2 Qd6 43. f4 Kg7 44. Be2 Rf8 45. Rf1 Qe7 46. fxe5 Qxe5 47. Bxc5 Nxc5 48. Qxc5 Rb3 49. Rf3 Rfb8 50. Qf2 Rb2 51. Rxb2 Rxb2 52. Qe3 Rxe2+ 53. Qxe2 Bg4 54. Qf2 Bxf3 55. Qxf3 Qd4 56. Qe2 a5 57. Qc2 a4 58. c5 a3 59. c6 Qb2 60. Qg2 Qc1 61. Qf2 Qb2 62. Qg2 Qc1 63. h5 Qc4 64. h6+ Kxh6 65. Qd2+ Kg7 66. d6 a2 67. d7 a1Q 68. d8Q Qaa2 69. Q8d7+ Kf8 70. Qxa2 Qxa2+ 71. Kh3 Qc4 72. Qd8+ Kg7 73. Qe7+ Kg8 74. Qxf6 Qxe4 75. Qd8+ Kf7 76. Qd7+ Kf8 77. c7 Qh1+ 78. Kg4 Qe4+ 1/2-1/2

[Event "Wch Seniors 12th"]
[Site "Naumburg"]
[Date "2002.10.23"]
[Round "3"]
[White "Fotland, Hans Christian"]
[Black "Dietze, Otto"]
[Result "1-0"]
[WhiteElo "2041"]
[BlackElo "1498"]
[PlyCount "53"]
[EventDate "2002.10.21"]
[EventType "swiss"]
[EventRounds "11"]
[EventCountry "GER"]
[SourceTitle "EXT 2006"]
[Source "ChessBase"]
[SourceDate "2005.11.24"]
[SourceVersion "1"]
[SourceVersionDate "2005.11.24"]
[SourceQuality "1"]

1. d4 Nf6 2. c4 g6 3. Nc3 Bg7 4. g3 0-0 5. Bg2 d6 6. Nf3 c6 7. 0-0 Nbd7 8. e4 e5 9. h3 exd4 10. Nxd4 Ne5 11. Qe2 a6 12. Be3 c5 13. Nb3 Bd7 14. Rad1 Qc8 15. Kh2 Be6 16. Nd2 Rb8 17. f4 Nc6 18. Nf3 Na5 19. b3 Ng4+ 20. hxg4 Bxc3 21. f5 Bd7 22. Bd2 Bxd2 23. Qxd2 Nc6 24. Qh6 f6 25. fxg6 hxg6 26. Qxg6+ Kh8 27. Rh1 1-0